000
nam a22 7a 4500
999
_c
55489
_d
55489
003
OSt
005
20220813114237.0
008
220813b xxu||||| |||| 00| 0 eng d
040
_c
IIMT UNIVERSITY MEEERUT
100
_a
CRAIG ZACKER
245
_a
THE COM. REF P C HARDWARE
260
_b
Mc GRAW HILL
300
_a
697
942
_2
ddc
_c
09